书目信息 |
| 题名: |
失落的文明:巴比伦
|
|
| 作者: | 陈晓红 毛锐 著 | |
| 分册: | ||
| 出版信息: | 上海 华东师大出版社 2001 |
|
| 页数: | 153页 | |
| 开本: | 20cm | |
| 丛书名: | ||
| 单 册: | ||
| 中图分类: | K124.3 | |
| 科图分类: | ||
| 主题词: | 世界史:古代史 , 奴隶制城邦 | |
| 电子资源: | ||
| ISBN: | 7-5617-2414-4 | |
| 000 | 00589nam0 2200193 450 | |
| 001 | 0736196517 | |
| 005 | 20070924100316.51 | |
| 010 | @a7-5617-2414-4@d¥10.00 | |
| 100 | @a20070924d km y0chiy0120 ea | |
| 101 | 0 | @achi |
| 200 | 1 | @a失落的文明:巴比伦@Ashi luo de wen ming:ba bi lun@f陈晓红 毛锐著@Fchen xiao hong mao rui zhu |
| 210 | @a上海@c华东师大出版社@d2001 | |
| 215 | @a153页@c照片@d20cm | |
| 606 | 0 | @a世界史:古代史 |
| 606 | 0 | @a奴隶制城邦 |
| 690 | @aK124.3@v3 | |
| 701 | 0 | @a陈晓红 毛锐@Achen xiao hong mao rui@4著 |
| 801 | 0 | @aCN@bPFT@c20070924 |
| 905 | @a213230@dK124.3@eZY1@f1 | |
| 失落的文明:巴比伦/陈晓红 毛锐著.-上海:华东师大出版社,2001 |
| 153页:照片;20cm |
| ISBN 7-5617-2414-4:¥10.00 |
| ● |
| 相关链接 |
|
|
|
|
正题名:失落的文明:巴比伦
索取号:K124.3/ZY1
 
预约/预借
| 序号 | 登录号 | 条形码 | 馆藏地/架位号 | 状态 | 备注 |
| 1 | 7900437 | 279004373 | 密集书库-资源管理系/ [索取号:K124.3/ZY1] | 在馆 |